000 00463nam a2200181Ia 4500
008 220204s9999 xx 000 0 und d
082 _a57.086.3(035)
_bMER
100 _aBIRBECK, M S C
245 0 _aElectron microscopy: A handbook for biologists
260 _aOxford
_bBlackwell
_c1961
650 _aElectron microscopy
650 _aEmbedding
650 _aFixation
650 _aMicrotomy
650 _aStaining
700 _aMERCER, E H
942 _cBK
999 _c19907
_d19907